[Event "Wch Juvenil 2010 sub10"]
[Site "Porto Carras GRE"]
[Date "2010.10.27"]
[Round "8.7"]
[White "Grahesh, Y."]
[Black "Gholami, Aryan"]
[Result "1/2-1/2"]
[WhiteElo "1795"]
[BlackElo "1902"]
[PlyCount "84"]
[EventDate "2010.10.20"]
[EventType "swiss"]
[EventRounds "11"]
[EventCountry "GRE"]
[Source "lmi"]
[SourceDate "2010.10.20"]

1. c4 e6 2. Nc3 d5 3. cxd5 exd5 4. d4 c6 5. Bf4 Bd6 6. Bxd6 Qxd6 7. Nf3 Bf5 8.
e3 Nd7 9. Bd3 Bxd3 10. Qxd3 Ngf6 11. O-O O-O 12. Rab1 Rfe8 13. Nd2 Ng4 14. Nf3
Ngf6 15. Nd2 Ng4 16. Nf3 Ngf6 17. b4 a6 18. a4 Ne4 19. Ne2 Nb6 20. a5 Nc4 21.
Ng3 Nxg3 22. hxg3 Qh6 23. Qf5 Rad8 24. Rfd1 Nd6 25. Qg5 Qe6 26. Qh4 Qc8 27. Qh3
Qc7 28. Ne5 Re6 29. Nd3 Rf8 30. Nc5 Re7 31. g4 Ne4 32. Nxe4 Rxe4 33. Rb3 Rfe8
34. Rdd3 R4e6 35. f4 Qd7 36. g5 R6e7 37. Qxd7 Rxd7 38. Kf2 Rde7 39. Rb1 g6 40.
g4 Kg7 41. Kf3 f6 42. gxf6+ Kxf6 1/2-1/2

[Event "Wch Juvenil 2010 sub10"]
[Site "Porto Carras GRE"]
[Date "2010.10.27"]
[Round "8.8"]
[White "Tabatabaei, M Amin"]
[Black "Nigmatov, Ortik"]
[Result "1-0"]
[WhiteElo "1793"]
[BlackElo "1890"]
[PlyCount "39"]
[EventDate "2010.10.20"]
[EventType "swiss"]
[EventRounds "11"]
[EventCountry "GRE"]
[Source "lmi"]
[SourceDate "2010.10.20"]

1. c4 e6 2. Nc3 Nf6 3. d4 d5 4. cxd5 exd5 5. Bg5 Be7 6. e3 O-O 7. Bd3 b6 8.
Bxf6 Bxf6 9. Qh5 g6 10. Qxd5 c6 11. Qxd8 Rxd8 12. Nge2 Bb7 13. Be4 Nd7 14. g3
Rac8 15. O-O Ba6 16. Rfd1 c5 17. Nf4 cxd4 18. exd4 Re8 19. Bg2 Rc4 20. Bf1 1-0

[Event "Wch Juvenil 2010 sub10"]
[Site "Porto Carras GRE"]
[Date "2010.10.27"]
[Round "8.9"]
[White "Drozdowski, Konrad"]
[Black "Carnicelli, Valerio"]
[Result "1-0"]
[WhiteElo "1769"]
[BlackElo "1880"]
[PlyCount "53"]
[EventDate "2010.10.20"]
[EventType "swiss"]
[EventRounds "11"]
[EventCountry "GRE"]
[Source "lmi"]
[SourceDate "2010.10.20"]

1. e4 e5 2. Nf3 Nc6 3. d4 exd4 4. Bc4 Nf6 5. O-O Bc5 6. e5 d5 7. exf6 dxc4 8.
Re1+ Be6 9. fxg7 Rg8 10. Bg5 Qd7 11. Nbd2 Be7 12. Ne4 O-O-O 13. Nf6 Bxf6 14.
Bxf6 Rde8 15. Nxd4 Nxd4 16. Qxd4 Qxd4 17. Bxd4 Rd8 18. Rad1 Rd6 19. Be5 Ra6 20.
a3 Ra5 21. h3 Rd5 22. Bf6 Rd6 23. Rxd6 cxd6 24. Re4 b5 25. Rh4 Bf5 26. g4 Bxc2
27. f4 1-0

[Event "Wch Juvenil 2010 sub10"]
[Site "Porto Carras GRE"]
[Date "2010.10.28"]
[Round "9.2"]
[White "Gupta, Bhaskar"]
[Black "Puranik, Abhimanyu"]
[Result "1-0"]
[WhiteElo "1742"]
[BlackElo "1790"]
[PlyCount "183"]
[EventDate "2010.10.20"]
[EventType "swiss"]
[EventRounds "11"]
[EventCountry "GRE"]
[Source "lmi"]
[SourceDate "2010.10.20"]

1. e4 e5 2. Nf3 Nc6 3. Bb5 a6 4. Ba4 Nf6 5. O-O b5 6. Bb3 Bc5 7. d3 d6 8. c3
O-O 9. Nbd2 Ne7 10. Re1 Ng6 11. Nf1 Bb6 12. Ng3 Re8 13. a4 Rb8 14. axb5 axb5
15. Bg5 h6 16. Be3 Ng4 17. Bxb6 Rxb6 18. h3 Nf6 19. Ra8 Nf4 20. Nf5 Nh7 21. h4
Qf6 22. g3 Ne6 23. Nh2 Kf8 24. Ng4 Qg6 25. Nge3 Nf6 26. Kh1 Nc5 27. Bd5 Bb7 28.
Rxe8+ Nxe8 29. Bxb7 Rxb7 30. Nd5 c6 31. Nb4 d5 32. h5 Qf6 33. f3 Rd7 34. Qe2
dxe4 35. fxe4 Nd6 36. Rf1 Nxf5 37. Rxf5 Qd6 38. Qf1 f6 39. Rf3 Na4 40. Qf2 Qe6
41. Kg2 Kg8 42. Rf5 Qd6 43. Rf3 Nc5 44. Qe3 Ne6 45. Qb6 Ng5 46. Rf5 c5 47. Qxd6
Rxd6 48. Nd5 c4 49. Kf2 cxd3 50. Ke3 d2 51. Rf1 Kf7 52. g4 Ke6 53. Rd1 Rc6 54.
b3 Nf7 55. Rxd2 Nd6 56. Ra2 f5 57. gxf5+ Nxf5+ 58. exf5+ Kxd5 59. Rd2+ Kc5 60.
Rg2 Rc7 61. Ke4 Ra7 62. Kxe5 Re7+ 63. Kf4 b4 64. cxb4+ Kxb4 65. Rg3 Kc5 66. Rg6
Kd4 67. Rd6+ Kc5 68. Re6 Rd7 69. f6 gxf6 70. Rxf6 Rb7 71. Rxh6 Rxb3 72. Re6 Kd5
73. Re1 Rb8 74. h6 Rf8+ 75. Kg5 Rf2 76. Rh1 Ke6 77. h7 Rg2+ 78. Kf4 Rf2+ 79.
Ke3 Rf8 80. h8=Q Rxh8 81. Rxh8 Ke5 82. Rh5+ Kd6 83. Kd4 Ke6 84. Ra5 Kf6 85. Ke4
Kg6 86. Kf4 Kh6 87. Rg5 Kh7 88. Kf5 Kh6 89. Kf6 Kh7 90. Rh5+ Kg8 91. Rh1 Kf8
92. Rh8# 1-0

[Event "Wch Juvenil 2010 sub10"]
[Site "Porto Carras GRE"]
[Date "2010.10.28"]
[Round "9.3"]
[White "Drozdowski, Konrad"]
[Black "Lagunow, Raphael"]
[Result "1-0"]
[WhiteElo "1769"]
[BlackElo "1623"]
[PlyCount "141"]
[EventDate "2010.10.20"]
[EventType "swiss"]
[EventRounds "11"]
[EventCountry "GRE"]
[Source "lmi"]
[SourceDate "2010.10.20"]

1. e4 c5 2. Nf3 Nc6 3. d4 cxd4 4. Nxd4 Qb6 5. Nxc6 bxc6 6. Be2 Nf6 7. Nc3 d6 8.
Rb1 g6 9. Be3 Qc7 10. O-O Bg7 11. f4 O-O 12. Bf3 Rb8 13. Qe2 Rd8 14. Rfd1 Be6
15. g4 d5 16. e5 Nd7 17. Qf2 Nb6 18. Bxb6 Rxb6 19. Qc5 Qd7 20. g5 Bf5 21. Rd2
f6 22. Rbd1 Qe8 23. exf6 exf6 24. Re2 Qf8 25. Qxf8+ Kxf8 26. Rdd2 fxg5 27. fxg5
Rxb2 28. Nd1 Rxa2 29. Ne3 Bh3 30. Rf2 Ke7 31. Rfe2 Kd7 32. Kf2 Kc7 33. Ng4 Rd7
34. Kg3 Bf1 35. Re6 Ra3 36. Nf6 Rf7 37. Rd1 Bb5 38. Rde1 Bf8 39. Kg2 Rc3 40.
Bd1 a5 41. Ne8+ Kb6 42. Nf6 a4 43. Nxd5+ Ka5 44. Nxc3 Bb4 45. R1e3 a3 46. R6e5
Kb6 47. Na2 Bf1+ 48. Kg1 Bc5 49. Rxc5 Kxc5 50. Rxa3 Bc4 51. Ra5+ Kd4 52. Bg4
Rf1+ 53. Kg2 Ra1 54. Ra4 Kc5 55. Nc3 Bd5+ 56. Ne4+ Bxe4+ 57. Rxe4 Ra2 58. Re2
Ra4 59. Kg3 Ra7 60. Rd2 Ra3+ 61. Kh4 Rc3 62. h3 Kb4 63. Rd7 Rxc2 64. Rxh7 Rd2
65. Rd7 Rf2 66. Rd6 c5 67. Rxg6 c4 68. Rf6 Rd2 69. g6 c3 70. g7 c2 71. Rc6 1-0

[Event "Wch Juvenil 2010 sub10"]
[Site "Porto Carras GRE"]
[Date "2010.10.28"]
[Round "9.4"]
[White "He, Tommy O"]
[Black "Ghanbarzadeh, Reza"]
[Result "1-0"]
[WhiteElo "1830"]
[BlackElo "1804"]
[PlyCount "77"]
[EventDate "2010.10.20"]
[EventType "swiss"]
[EventRounds "11"]
[EventCountry "GRE"]
[Source "lmi"]
[SourceDate "2010.10.20"]

1. e4 c5 2. Nf3 Nc6 3. d4 cxd4 4. Nxd4 g6 5. Nc3 Bg7 6. Be3 Nf6 7. Bc4 O-O 8.
Bb3 a5 9. f3 d5 10. exd5 Nb4 11. Ndb5 a4 12. Bc4 Bf5 13. Nd4 Rc8 14. Nxf5 gxf5
15. a3 Nxc2+ 16. Qxc2 Rxc4 17. Qxf5 Nxd5 18. Nxd5 e6 19. Qd3 Qxd5 20. Qe2 Rfc8
21. Rd1 Qe5 22. O-O Qxb2 23. Qd3 Rc3 24. Qd7 Qxa3 25. Bb6 Qb4 26. Rb1 Qc4 27.
Bf2 Qc7 28. Qxa4 Be5 29. g3 Qc6 30. Qg4+ Kh8 31. Qh5 f6 32. f4 Bxf4 33. Rb6 Qc4
34. Qf7 Bc7 35. Qxf6+ Kg8 36. Rxe6 Qg4 37. Bd4 Rxg3+ 38. Kh1 Be5 39. Qf7+ 1-0

[Event "Wch Juvenil 2010 sub10"]
[Site "Porto Carras GRE"]
[Date "2010.10.28"]
[Round "9.8"]
[White "Elistratov, Semen"]
[Black "Djordjevic, Vuk"]
[Result "0-1"]
[WhiteElo "1955"]
[BlackElo "1826"]
[PlyCount "68"]
[EventDate "2010.10.20"]
[EventType "swiss"]
[EventRounds "11"]
[EventCountry "GRE"]
[Source "lmi"]
[SourceDate "2010.10.20"]

1. e4 e6 2. d4 d5 3. exd5 exd5 4. Nf3 Bd6 5. c4 Nf6 6. Nc3 O-O 7. cxd5 Bb4 8.
Bg5 Nbd7 9. Qb3 Qe7+ 10. Be2 Nb6 11. Bxf6 gxf6 12. a3 Ba5 13. Qb5 Bxc3+ 14.
bxc3 Bd7 15. Qb2 Rfe8 16. Ra2 Qe4 17. O-O Qxd5 18. Qd2 Rxe2 19. Qxe2 Bb5 20.
Qd2 Bxf1 21. Kxf1 Re8 22. Rc2 Nc4 23. Qd3 Qb5 24. Ne1 Nxa3 25. Qxb5 Nxb5 26.
Rb2 a6 27. c4 Nd6 28. Nf3 b6 29. c5 Nc4 30. Ra2 a5 31. Nd2 Nxd2+ 32. Rxd2 b5
33. Rb2 b4 34. d5 Rb8 0-1

[Event "Wch Juvenil 2010 sub10"]
[Site "Porto Carras GRE"]
[Date "2010.10.28"]
[Round "9.9"]
[White "Gholami, Aryan"]
[Black "Panchanatham, Vignesh"]
[Result "0-1"]
[WhiteElo "1902"]
[BlackElo "1803"]
[PlyCount "76"]
[EventDate "2010.10.20"]
[EventType "swiss"]
[EventRounds "11"]
[EventCountry "GRE"]
[Source "lmi"]
[SourceDate "2010.10.20"]

1. e4 c5 2. c3 e6 3. d4 d5 4. exd5 exd5 5. Nf3 Nc6 6. Bb5 Bd6 7. dxc5 Bxc5 8.
O-O Nge7 9. Nbd2 O-O 10. Nb3 Bd6 11. Bd3 h6 12. h3 Nf5 13. Re1 a6 14. Bc2 Bc7
15. Qd3 g6 16. Nbd4 Qf6 17. Nxf5 Bxf5 18. Qd1 Bxc2 19. Qxc2 g5 20. Qb3 Rae8 21.
Bd2 Ne5 22. Nxe5 Rxe5 23. Be3 Qd6 24. g3 Rfe8 25. Qc2 Bb6 26. Qd2 Bxe3 27. fxe3
Re4 28. Qf2 Qb6 29. Rad1 Rxe3 30. Rxe3 Rxe3 31. Rxd5 Rxg3+ 32. Kf1 Qxf2+ 33.
Kxf2 Rxh3 34. Kg2 Re3 35. Kf2 Re6 36. c4 Kg7 37. c5 Kg6 38. Rd7 b6 0-1

[Event "Wch Juvenil 2010 sub10"]
[Site "Porto Carras GRE"]
[Date "2010.10.28"]
[Round "9.10"]
[White "Maltsev, Leonid"]
[Black "Grahesh, Y."]
[Result "1/2-1/2"]
[WhiteElo "1869"]
[BlackElo "1795"]
[PlyCount "57"]
[EventDate "2010.10.20"]
[EventType "swiss"]
[EventRounds "11"]
[EventCountry "GRE"]
[Source "lmi"]
[SourceDate "2010.10.20"]

1. e4 c5 2. c3 Nf6 3. e5 Nd5 4. d4 cxd4 5. Nf3 e6 6. cxd4 b6 7. Bc4 Bb7 8. Bxd5
Bxd5 9. O-O Bb7 10. Nc3 d5 11. Bg5 Qd7 12. a3 h6 13. Bh4 Nc6 14. Kh1 Ba6 15.
Re1 Be7 16. Bxe7 Nxe7 17. Rc1 Rc8 18. b3 Ng6 19. Qd2 O-O 20. Rc2 Rc7 21. Rec1
Rfc8 22. Ne1 Qe7 23. Nb1 Qd7 24. Nc3 Qe7 25. Nb1 Qd7 26. Nc3 Qe7 27. Nb1 Qd7
28. Nc3 Qe7 29. Nb1 1/2-1/2

[Event "Wch Juvenil 2010 sub10"]
[Site "Porto Carras GRE"]
[Date "2010.10.29"]
[Round "10.2"]
[White "He, Tommy O"]
[Black "Xiong, Jeffrey"]
[Result "0-1"]
[WhiteElo "1830"]
[BlackElo "1824"]
[PlyCount "136"]
[EventDate "2010.10.20"]
[EventType "swiss"]
[EventRounds "11"]
[EventCountry "GRE"]
[Source "lmi"]
[SourceDate "2010.10.20"]

1. e4 c5 2. Nf3 e6 3. d4 cxd4 4. Nxd4 Nf6 5. Nc3 Nc6 6. Ndb5 Bb4 7. a3 Bxc3+ 8.
Nxc3 O-O 9. Bg5 d5 10. exd5 exd5 11. Be2 Bf5 12. O-O d4 13. Na4 Qa5 14. Bxf6
Qxa4 15. b3 Qa5 16. Bh4 Qc3 17. Ra2 Rac8 18. f4 Rfe8 19. Bg4 Qe3+ 20. Kh1 Bxg4
21. Qxg4 Qe2 22. Qxe2 Rxe2 23. Rd1 Ne7 24. g4 Ng6 25. Bg3 Re4 26. f5 Ne7 27. h3
Nd5 28. Rd2 h5 29. gxh5 Rc3 30. Kh2 Ree3 31. Rg2 Kh7 32. Ra1 Nf6 33. Re1 Nxh5
34. Rxe3 Rxe3 35. Bf2 Re4 36. Rg4 Re2 37. Kg2 Rxc2 38. Rxd4 Rc3 39. Rb4 b6 40.
a4 Kh6 41. h4 Nf6 42. Bg3 Nd5 43. Rb5 Rd3 44. a5 Kh5 45. axb6 axb6 46. Bf2 Nf4+
47. Kh2 Kg4 48. Bxb6 Rh3+ 49. Kg1 Kf3 50. Kf1 Rh1+ 51. Bg1 Ne2 52. Ke1 Rxg1+
53. Kd2 Nd4 54. Rb7 f6 55. b4 Nxf5 56. b5 Rb1 57. Rb8 Nd6 58. Rg8 Rxb5 59. Rxg7
Rh5 60. Rg6 Ne4+ 61. Kd3 Rxh4 62. Rg1 f5 63. Rf1+ Nf2+ 64. Kd2 Rd4+ 65. Kc3 Rd1
66. Rxd1 Nxd1+ 67. Kc2 Ke2 68. Kc1 f4 0-1

[Event "Wch Juvenil 2010 sub10"]
[Site "Porto Carras GRE"]
[Date "2010.10.29"]
[Round "10.4"]
[White "Puranik, Abhimanyu"]
[Black "Drozdowski, Konrad"]
[Result "1-0"]
[WhiteElo "1790"]
[BlackElo "1769"]
[PlyCount "105"]
[EventDate "2010.10.20"]
[EventType "swiss"]
[EventRounds "11"]
[EventCountry "GRE"]
[Source "lmi"]
[SourceDate "2010.10.20"]

1. e4 c5 2. Nf3 e6 3. d4 cxd4 4. Nxd4 a6 5. Nc3 b5 6. Be2 d6 7. O-O Bb7 8. Bf3
b4 9. Na4 Qa5 10. b3 Nc6 11. Be3 Ne5 12. Be2 Qc7 13. f4 Nd7 14. Bh5 g6 15. Bf3
Bg7 16. c4 Ne7 17. Rc1 O-O 18. f5 exf5 19. exf5 Bxd4 20. Bxd4 Nxf5 21. Bd5 Nxd4
22. Bxb7 Qxb7 23. Qxd4 Nc5 24. Nxc5 dxc5 25. Qxc5 Rac8 26. Qf2 Rc6 27. Rcd1 Re6
28. Rfe1 Rfe8 29. Rxe6 Rxe6 30. Rd8+ Kg7 31. Qd4+ Kh6 32. Rd7 Qe4 33. Qxe4 Rxe4
34. Rd6 a5 35. Kf2 Re7 36. Rd5 Ra7 37. Ke3 f5 38. Rd2 Kg5 39. Rc2 Kf6 40. Kd4
a4 41. Kc5 axb3 42. axb3 Rb7 43. Kc6 Re7 44. c5 Re3 45. Rb2 Ke6 46. Kb7 Kd5 47.
c6 Kd4 48. Rc2 Kd3 49. Rc4 Re4 50. Rxe4 fxe4 51. c7 e3 52. c8=Q e2 53. Qc1 1-0

[Event "Wch Juvenil 2010 sub10"]
[Site "Porto Carras GRE"]
[Date "2010.10.29"]
[Round "10.6"]
[White "Panchanatham, Vignesh"]
[Black "Lagunow, Raphael"]
[Result "1-0"]
[WhiteElo "1803"]
[BlackElo "1623"]
[PlyCount "123"]
[EventDate "2010.10.20"]
[EventType "swiss"]
[EventRounds "11"]
[EventCountry "GRE"]
[Source "lmi"]
[SourceDate "2010.10.20"]

1. e4 c5 2. Nc3 Nc6 3. Bb5 Nd4 4. Bc4 g6 5. Nf3 Bg7 6. Nxd4 cxd4 7. Qf3 Nh6 8.
d3 O-O 9. Ne2 Ng4 10. Bb3 d6 11. Qg3 Qb6 12. O-O Bd7 13. h3 Ne5 14. f4 Nc6 15.
f5 Ne5 16. Nf4 Kh8 17. Nd5 Qd8 18. fxg6 Nxg6 19. Nf4 Be5 20. Bd2 e6 21. Nxg6+
hxg6 22. Qg4 Kg7 23. Bg5 f6 24. Bf4 Bxf4 25. Qxf4 e5 26. Qd2 Qe7 27. Qa5 Bc6
28. Qe1 Rad8 29. c4 dxc3 30. bxc3 d5 31. Qe3 d4 32. cxd4 Rxd4 33. g4 Qd7 34.
Rad1 g5 35. Qf3 b6 36. h4 gxh4 37. g5 Qe7 38. Qh5 fxg5 39. Rxf8 Qxf8 40. Qxg5+
Kh7 41. Qxe5 Qg7+ 42. Qxg7+ Kxg7 43. Kf2 Kf6 44. Ke3 Rd8 45. Rc1 Bb5 46. d4 h3
47. Rh1 Rh8 48. Rh2 Bd7 49. Bd5 b5 50. Kf4 a5 51. e5+ Ke7 52. Bf3 b4 53. d5 a4
54. e6 Be8 55. Ke5 b3 56. axb3 axb3 57. d6+ Kd8 58. Bg4 Bg6 59. e7+ Ke8 60. Kf6
Bf5 61. Bxf5 Rh6+ 62. Bg6+ 1-0

[Event "Wch Juvenil 2010 sub10"]
[Site "Porto Carras GRE"]
[Date "2010.10.29"]
[Round "10.7"]
[White "Tin, Jingyao"]
[Black "Tran, Minh Thang"]
[Result "0-1"]
[WhiteElo "1828"]
[BlackElo "2018"]
[PlyCount "92"]
[EventDate "2010.10.20"]
[EventType "swiss"]
[EventRounds "11"]
[EventCountry "GRE"]
[Source "lmi"]
[SourceDate "2010.10.20"]

1. d4 d5 2. c4 e6 3. Nc3 f5 4. Nf3 Nf6 5. g3 c6 6. Bg2 Bd6 7. O-O O-O 8. b3
Nbd7 9. Bb2 Ne4 10. Qc2 Qe7 11. Nd2 Ndf6 12. f3 Nxd2 13. Qxd2 f4 14. gxf4 Nh5
15. e3 Rf6 16. Qf2 Rh6 17. c5 Bc7 18. Ne2 Bd7 19. Ng3 Nxf4 20. exf4 Qh4 21.
Rfd1 Qxh2+ 22. Kf1 Rg6 23. Ne2 e5 24. Ng1 exf4 25. Rd2 Re8 26. Re2 Rxe2 27.
Qxe2 h5 28. Re1 h4 29. Qc2 Bf5 30. Re8+ Kh7 31. Qf2 Rg3 32. Qe2 Rg6 33. Qf2 Rg3
34. Qe2 Rg6 35. Qf2 Rh6 36. Re7 Bd8 37. Re8 Bf6 38. Ke1 Rg6 39. Bf1 Qxg1 40.
Qxg1 Rxg1 41. Kf2 Rg3 42. Rb8 h3 43. Rxb7 h2 44. Bg2 Bh4 45. Rxa7 Bh3 46. Bxh3
Rxh3+ 0-1

[Event "Wch Juvenil 2010 sub10"]
[Site "Porto Carras GRE"]
[Date "2010.10.29"]
[Round "10.8"]
[White "Ioannidis, Evgenios"]
[Black "Trjapishko, Alexandr"]
[Result "0-1"]
[WhiteElo "1803"]
[BlackElo "1931"]
[PlyCount "100"]
[EventDate "2010.10.20"]
[EventType "swiss"]
[EventRounds "11"]
[EventCountry "GRE"]
[Source "lmi"]
[SourceDate "2010.10.20"]

1. e4 c5 2. Nf3 e6 3. d4 cxd4 4. Nxd4 a6 5. c4 Qc7 6. Nc3 b6 7. Bd3 Bb7 8. O-O
Nf6 9. Qe2 d6 10. f4 Nbd7 11. Bd2 Be7 12. Rae1 Rd8 13. Kh1 O-O 14. Rf3 Rfe8 15.
Rh3 Bf8 16. Nb3 e5 17. f5 Nc5 18. Nxc5 dxc5 19. Bg5 Be7 20. Rg3 Kh8 21. Bd2 b5
22. cxb5 c4 23. Bxc4 Rxd2 24. Qxd2 Qxc4 25. b3 Qb4 26. Rd3 axb5 27. Re2 Bc5 28.
a4 bxa4 29. Nxa4 Qxd2 30. Rdxd2 Bd4 31. b4 Nxe4 32. Rc2 g6 33. fxg6 hxg6 34.
Nc5 Nxc5 35. bxc5 Rc8 36. Re1 f6 37. h3 Rxc5 38. Rd2 Rc7 39. Rb1 Kg7 40. Ra2
Kf7 41. Ra5 Ke6 42. Rab5 Be4 43. Re1 Kf5 44. Rd1 Kf4 45. Rf1+ Kg3 46. Rb3+ Rc3
47. Rxc3+ Bxc3 48. Rxf6 Bxg2+ 49. Kg1 Bd4+ 50. Rf2 Bxf2# 0-1

[Event "Wch Juvenil 2010 sub10"]
[Site "Porto Carras GRE"]
[Date "2010.10.29"]
[Round "10.9"]
[White "Haring, Viktor"]
[Black "Kazakovskiy, Valeriy"]
[Result "0-1"]
[WhiteElo "1893"]
[BlackElo "1750"]
[PlyCount "68"]
[EventDate "2010.10.20"]
[EventType "swiss"]
[EventRounds "11"]
[EventCountry "GRE"]
[Source "lmi"]
[SourceDate "2010.10.20"]

1. e4 e6 2. d4 d5 3. Nd2 c5 4. exd5 exd5 5. Ngf3 Nc6 6. Bb5 Bd6 7. dxc5 Bxc5 8.
O-O Nge7 9. c4 a6 10. cxd5 Nxd5 11. Bxc6+ bxc6 12. Qc2 Qb6 13. Nc4 Qc7 14. Nce5
Qb6 15. Re1 O-O 16. Nc4 Qa7 17. a3 a5 18. Ng5 g6 19. Ne3 Bd6 20. Ne4 Be7 21.
Qxc6 Bb7 22. Qb5 Nf4 23. Ng4 Nd5 24. Nh6+ Kg7 25. Qe2 f5 26. Nc3 Bf6 27. Nxd5
Bxd5 28. Rd1 Rfe8 29. Qb5 Rad8 30. Be3 Qb7 31. Qxb7+ Bxb7 32. Rxd8 Rxd8 33. g4
Bf3 34. gxf5 g5 0-1

[Event "Wch Juvenil 2010 sub10"]
[Site "Porto Carras GRE"]
[Date "2010.10.29"]
[Round "10.10"]
[White "Ghanbarzadeh, Reza"]
[Black "Nigmatov, Ortik"]
[Result "1/2-1/2"]
[WhiteElo "1804"]
[BlackElo "1890"]
[PlyCount "68"]
[EventDate "2010.10.20"]
[EventType "swiss"]
[EventRounds "11"]
[EventCountry "GRE"]
[Source "lmi"]
[SourceDate "2010.10.20"]

1. e4 c5 2. d3 e6 3. Nd2 d6 4. Ngf3 a6 5. g3 g6 6. Bg2 Bg7 7. O-O Ne7 8. Re1
Nbc6 9. c3 O-O 10. Nf1 b5 11. h4 Rb8 12. Ne3 h6 13. h5 g5 14. Ng4 f5 15. Ngh2
b4 16. d4 bxc3 17. bxc3 g4 18. Nh4 cxd4 19. cxd4 Bd7 20. exf5 exf5 21. Bf4 Rf6
22. Rc1 Nb4 23. a3 Nbd5 24. Be5 Re6 25. Nxf5 dxe5 26. Qxg4 Qf8 27. Nxe7+ Nxe7
28. Rc7 Qd8 29. Rxd7 Qxd7 30. Bh3 Kf7 31. Qf3+ Ke8 32. Qg4 Kf7 33. Qf3+ Ke8 34.
Qg4 Kf7 1/2-1/2

[Event "Wch Juvenil 2010 sub10"]
[Site "Porto Carras GRE"]
[Date "2010.10.30"]
[Round "11.1"]
[White "Xiong, Jeffrey"]
[Black "Gupta, Bhaskar"]
[Result "1/2-1/2"]
[WhiteElo "1824"]
[BlackElo "1742"]
[PlyCount "71"]
[EventDate "2010.10.20"]
[EventType "swiss"]
[EventRounds "11"]
[EventCountry "GRE"]
[Source "lmi"]
[SourceDate "2010.10.20"]

1. e4 c5 2. Nf3 e6 3. d4 cxd4 4. Nxd4 a6 5. Bd3 d6 6. O-O Nf6 7. Be3 Nbd7 8. f4
b5 9. Qe2 Bb7 10. Nd2 Nc5 11. Bf2 Be7 12. N4b3 Nxd3 13. cxd3 O-O 14. Rfc1 Rc8
15. Rxc8 Qxc8 16. Na5 Ba8 17. Ndb3 Qd7 18. Rc1 Rc8 19. Qd2 Bd8 20. Bd4 Rxc1+
21. Qxc1 Qc7 22. Qxc7 Bxc7 23. Kf1 Nd7 24. g3 Nc5 25. Ke2 f5 26. e5 Nxb3 27.
Nxb3 Bd5 28. Nc1 h6 29. a3 g5 30. Ke3 Kf7 31. exd6 Bxd6 32. Be5 Be7 33. Ne2 b4
34. axb4 Bxb4 35. Nc3 Bb3 36. h3 1/2-1/2

[Event "Wch Juvenil 2010 sub10"]
[Site "Porto Carras GRE"]
[Date "2010.10.30"]
[Round "11.4"]
[White "Tran, Minh Thang"]
[Black "Puranik, Abhimanyu"]
[Result "0-1"]
[WhiteElo "2018"]
[BlackElo "1790"]
[PlyCount "116"]
[EventDate "2010.10.20"]
[EventType "swiss"]
[EventRounds "11"]
[EventCountry "GRE"]
[Source "lmi"]
[SourceDate "2010.10.20"]

1. d4 Nf6 2. Bf4 e6 3. e3 b6 4. Nf3 Bb7 5. Be2 c5 6. c3 Nc6 7. O-O d5 8. Nbd2
Bd6 9. Ne5 O-O 10. Bd3 Ne7 11. Bg5 Ne4 12. Bxe7 Qxe7 13. f4 f6 14. Nef3 cxd4
15. Nxd4 Bc5 16. Nxe4 dxe4 17. Bc4 Bxd4 18. cxd4 Bd5 19. Qb3 Bxc4 20. Qxc4 Rfc8
21. Qb3 f5 22. Rac1 Qd7 23. Rfd1 Qd5 24. Rc3 Rxc3 25. bxc3 Rc8 26. Qa4 Qc6 27.
Qxc6 Rxc6 28. Rc1 Rc4 29. Kf2 Kf7 30. Ke2 Ke7 31. Kd2 Kd6 32. Kc2 b5 33. Rb1 a6
34. h3 h5 35. Kb3 a5 36. a3 Kc6 37. g4 hxg4 38. hxg4 Kb6 39. gxf5 exf5 40. Rg1
Rc7 41. Rg6+ Kb7 42. Rg5 a4+ 43. Kb2 Rf7 44. c4 bxc4 45. Kc3 Kc6 46. Kxc4 Kd6
47. Rg6+ Ke7 48. Kd5 Kf8 49. Ke6 Rb7 50. d5 Rb3 51. d6 Rxe3 52. d7 Rd3 53. Rg3
e3 54. Rg2 g5 55. Rxg5 Rd2 56. Rxf5+ Kg7 57. Re5 Kg8 58. Rd5 Rxd5 0-1

[Event "Wch Juvenil 2010 sub10"]
[Site "Porto Carras GRE"]
[Date "2010.10.30"]
[Round "11.5"]
[White "Trjapishko, Alexandr"]
[Black "He, Tommy O"]
[Result "1-0"]
[WhiteElo "1931"]
[BlackElo "1830"]
[PlyCount "85"]
[EventDate "2010.10.20"]
[EventType "swiss"]
[EventRounds "11"]
[EventCountry "GRE"]
[Source "lmi"]
[SourceDate "2010.10.20"]

1. d4 Nf6 2. c4 e6 3. Nc3 Bb4 4. Qc2 O-O 5. a3 Bxc3+ 6. Qxc3 b6 7. Bg5 Bb7 8.
e3 d6 9. Ne2 Nbd7 10. Qc2 c5 11. Rd1 Qc7 12. Nc3 cxd4 13. Rxd4 a6 14. Qd2 Nc5
15. Bxf6 Nb3 16. Rg4 g6 17. Qc2 Nc5 18. Qd2 Rfe8 19. e4 Nd7 20. Bd4 f5 21. Rh4
e5 22. Be3 f4 23. Bxf4 exf4 24. Rxf4 Re5 25. Be2 Nc5 26. f3 Nb3 27. Qd1 Na5 28.
O-O Rd8 29. Qd4 Nb3 30. Qd1 Nc5 31. Qd2 Qe7 32. Rg4 Kg7 33. Nd5 Bxd5 34. cxd5
Qa7 35. Qd4 Kf7 36. b4 Nd7 37. f4 Re7 38. e5 Ke8 39. e6 Nf8 40. f5 gxf5 41.
Rxf5 b5 42. Qxa7 Rxa7 43. Rg8 1-0

[Event "Wch Juvenil 2010 sub10"]
[Site "Porto Carras GRE"]
[Date "2010.10.30"]
[Round "11.6"]
[White "Tabatabaei, M Amin"]
[Black "Omidi, Arya"]
[Result "1-0"]
[WhiteElo "1793"]
[BlackElo "1847"]
[PlyCount "98"]
[EventDate "2010.10.20"]
[EventType "swiss"]
[EventRounds "11"]
[EventCountry "GRE"]
[Source "lmi"]
[SourceDate "2010.10.20"]

1. d4 d5 2. Nf3 Nf6 3. e3 c5 4. b3 Nc6 5. Bd3 Bg4 6. Bb2 cxd4 7. exd4 g6 8.
Nbd2 Bg7 9. h3 Bxf3 10. Nxf3 O-O 11. O-O Qc7 12. Ne5 Nd7 13. Nxc6 bxc6 14. c4
Nf6 15. c5 Nh5 16. b4 Nf4 17. Ba6 Rab8 18. Bc3 Ne6 19. Qd2 Qd7 20. Rab1 Nc7 21.
Be2 Rfe8 22. f4 f6 23. Bg4 e6 24. a4 h5 25. Be2 Bh6 26. Qc2 f5 27. g4 hxg4 28.
hxg4 Bg7 29. g5 Kf7 30. Ba1 Rh8 31. b5 Na8 32. bxc6 Qxc6 33. Rb3 Nc7 34. Qa2 e5
35. Bb5 Nxb5 36. axb5 Rxb5 37. Rxb5 Qxb5 38. Qxd5+ Kf8 39. dxe5 Qe2 40. Qd8+
Kf7 41. e6+ Qxe6 42. Qc7+ Ke8 43. Qb8+ Kf7 44. Qxa7+ Ke8 45. Qb8+ Kf7 46. Qb7+
Ke8 47. Qf3 Bxa1 48. Rxa1 Qd7 49. Qa8+ Ke7 1-0

[Event "Wch Juvenil 2010 sub10"]
[Site "Porto Carras GRE"]
[Date "2010.10.30"]
[Round "11.7"]
[White "Drozdowski, Konrad"]
[Black "Grahesh, Y."]
[Result "1-0"]
[WhiteElo "1769"]
[BlackElo "1795"]
[PlyCount "53"]
[EventDate "2010.10.20"]
[EventType "swiss"]
[EventRounds "11"]
[EventCountry "GRE"]
[Source "lmi"]
[SourceDate "2010.10.20"]

1. e4 c5 2. Nf3 d6 3. d4 cxd4 4. Nxd4 Nf6 5. f3 Nc6 6. c4 g6 7. Be3 Bg7 8. Qd2
Nxd4 9. Bxd4 Be6 10. Be2 Qc7 11. O-O O-O 12. Na3 a6 13. Rac1 Rac8 14. Rfd1 Nd7
15. b4 Bxd4+ 16. Qxd4 Qb6 17. Qxb6 Nxb6 18. Rc2 Rc7 19. Rdc1 Rfc8 20. Kf2 f6
21. Ke3 Nd7 22. f4 Kg7 23. Kd4 b6 24. Rc3 h6 25. Nc2 Nb8 26. a3 Nd7 27. Ne3 1-0

[Event "Wch Juvenil 2010 sub10"]
[Site "Porto Carras GRE"]
[Date "2010.10.30"]
[Round "11.8"]
[White "Kazakovskiy, Valeriy"]
[Black "Costachi, Mihnea"]
[Result "0-1"]
[WhiteElo "1750"]
[BlackElo "1839"]
[PlyCount "98"]
[EventDate "2010.10.20"]
[EventType "swiss"]
[EventRounds "11"]
[EventCountry "GRE"]
[Source "lmi"]
[SourceDate "2010.10.20"]

1. e4 e5 2. Nf3 Nc6 3. Bb5 a6 4. Ba4 Nf6 5. O-O Be7 6. Re1 b5 7. Bb3 d6 8. c3
Na5 9. Bc2 c5 10. d4 Qc7 11. a4 Bb7 12. d5 O-O 13. Nbd2 Nd7 14. Nf1 c4 15. Ng3
Nc5 16. axb5 axb5 17. Be3 Nab3 18. Rb1 Ra2 19. Nd2 Nxd2 20. Qxd2 Rfa8 21. Rf1
Nd7 22. h3 g6 23. Bg5 Qd8 24. Bxe7 Qxe7 25. Ne2 Kg7 26. g3 f6 27. Kg2 Nc5 28.
g4 Bc8 29. Ng3 Bd7 30. f3 Qd8 31. h4 h6 32. Nh1 R8a7 33. Ng3 Bc8 34. Qe2 Qd7
35. Rh1 Qd8 36. Nf1 Rf7 37. Ne3 Kf8 38. Qf2 Qe7 39. f4 Ke8 40. f5 g5 41. hxg5
hxg5 42. Rh8+ Rf8 43. Rh5 Qa7 44. Qe1 Kd8 45. Nf1 Bd7 46. Rh7 Qb6 47. Qc1 b4
48. Nd2 b3 49. Nxc4 Qa6 0-1